| 000 | 01464cam a2200337Ia 4500 | ||
|---|---|---|---|
| 001 | CRC0KE14974PDF | ||
| 003 | BD-DhSAU | ||
| 005 | 20151012144307.0 | ||
| 006 | m|||||o||d|||||||| | ||
| 007 | cr|||| | ||
| 008 | 130419s2013 fluacd sb 001 0 eng d | ||
| 020 | _a9781439893623 (ebook : PDF) | ||
| 040 |
_aBD-DhSAU _cBD-DhSAU |
||
| 090 |
_aRZ440 _b.A38 2013 |
||
| 092 |
_a615.535 _bA244 |
||
| 245 | 0 | 0 |
_aAdvances in natural medicines, nutraceuticals and neurocognition _h[electronic resource] / _cedited by Andrew Scholey, Con Kerry Kenneth Stough. |
| 260 |
_aBoca Raton : _bCRC Press, _c2013. |
||
| 300 |
_axiv, 353 p. : _bill., ports. |
||
| 504 | _aIncludes bibliographical references and index. | ||
| 505 | 0 | _apt. 1. Methodologies to measure cognition in natural medicine trials -- pt. 2. Vitamins and nutrients -- pt. 3. Essential fatty acids and neurocognition -- pt. 4. Herbal medicines, nutraceuticals and neurocognition. | |
| 530 | _aAlso available in print edition. | ||
| 538 | _aMode of access: World Wide Web. | ||
| 650 | 0 | _aNaturopathy. | |
| 650 | 0 | _aFunctional foods. | |
| 650 | 0 |
_aCognition _xEffect of drugs on. |
|
| 655 | 7 |
_aElectronic books. _2lcsh |
|
| 700 | 1 | _aScholey, Andrew. | |
| 700 | 1 | _aStough, Con. | |
| 776 | 1 |
_z9781439893609 (hardback) _z1439893608 (hardback) |
|
| 856 | 4 | 0 |
_uhttp://marc.crcnetbase.com/isbn/9781439893623 _qapplication/PDF |
| 999 |
_c11902 _d11901 |
||